| 000 | 00654nam a22001697i 4500 | ||
|---|---|---|---|
| 003 | URS | ||
| 082 |
_a519.5078 _bIn3d |
||
| 100 | 1 |
_aIngco,Amie G, _eauthor |
|
| 245 | _aDifficulties in solving probability problem in statistics by the Bachelor of Science in mathematics students in Rizal Technological Polytechnic Institute SY.1987-1988 | ||
| 260 |
_aMorong,Rizal _b[publisher not identified] _c1988 |
||
| 300 |
_a61 pages ; _c28 cm. |
||
| 336 |
_atext _btxt _2rdacontent |
||
| 337 |
_aunmediated _bn _2rdamedia |
||
| 338 |
_avolume _bnc _2rdacarrier |
||
| 856 |
_3Online Request for Student Unpublished Works _uhttps://forms.gle/7LqvGGkaDrUQqz429 |
||
| 942 | _cT | ||
| 999 |
_c74277 _d74276 |
||